Most Popular Names In Quebec - Statistics

General Stats
  • This quiz has been taken 78 times
  • The average score is 6 of 20
Answer Stats
Hint Answer % Correct
William
65%
Girl Emma
54%
Thomas
48%
Olivia
44%
Léa
40%
Liam
37%
Jacob
33%
Boy Noah
33%
Leo
31%
Alice
27%
Nathan
27%
Charlie
23%
Édouard
21%
Félix
21%
Charlotte
19%
Zoé
19%
Florence
13%
Livia
13%
Arthur
12%
Romy
12%
No matching quizzes found
Score Distribution
Percent of People with Each Score
Percentile by Number Answered
Your Score History
You have not taken this quiz